Colombia : (Registro nro. 15414)
[ vista simple ]
| 000 -LEADER | |
|---|---|
| fixed length control field | 01161nam a22002177a 4500 |
| 003 - CONTROL NUMBER IDENTIFIER | |
| control field | OSt |
| 005 - DATE AND TIME OF LATEST TRANSACTION | |
| control field | 20210317135754.0 |
| 008 - FIXED-LENGTH DATA ELEMENTS--GENERAL INFORMATION | |
| fixed length control field | 210317r199? ck abo|gr|||| 00| 0 spa d |
| 040 ## - CATALOGING SOURCE | |
| Original cataloging agency | CO-JMCR |
| Transcribing agency | CO-JMCR |
| 041 0# - LANGUAGE CODE | |
| Language code of text/sound track or separate title | spa |
| Language code of original | eng |
| 082 04 - DEWEY DECIMAL CLASSIFICATION NUMBER | |
| Classification number | 332.67309861 / |
| Item number | B693c |
| Edition number | 23 |
| 110 1# - MAIN ENTRY--CORPORATE NAME | |
| Corporate name or jurisdiction name as entry element | Bolsa de Bogotá |
| 9 (RLIN) | 36239 |
| 245 ## - TITLE STATEMENT | |
| Title | Colombia : |
| Remainder of title | the place to invest / |
| Statement of responsibility, etc. | Bolsa de Bogotá |
| 260 ## - PUBLICATION, DISTRIBUTION, ETC. | |
| Place of publication, distribution, etc. | Bogotá : |
| Name of publisher, distributor, etc. | Bolsa de Bogotá, |
| Date of publication, distribution, etc. | [199?] |
| 300 ## - PHYSICAL DESCRIPTION | |
| Extent | 196 páginas : |
| Other physical details | mapas y fotografías a color ; |
| Dimensions | 33 cm. |
| 505 0# - FORMATTED CONTENTS NOTE | |
| Formatted contents note | Es evidente nuestro interés en la inversión extranjera -- Colombia, el lugar para invertir -- Visión del país -- Recursos naturales -- Infraestructura -- Producción nacional -- Recursos humanos -- Comercio exterior -- Política económica -- Apertura económica -- Inversión extranjera -- Empresas extranjeras en Colombia -- Mercado de capitales -- Bolsa de Bogotá -- Comisión de la bolsa de Bogotá -- País para invertir -- Embajadas de Colombia |
| 650 14 - SUBJECT ADDED ENTRY--TOPICAL TERM | |
| Topical term or geographic name entry element | Inversiones extranjeras |
| Geographic subdivision | Colombia |
| 9 (RLIN) | 7872 |
| 650 24 - SUBJECT ADDED ENTRY--TOPICAL TERM | |
| Topical term or geographic name entry element | Promoción de exportaciones |
| Geographic subdivision | Colombia |
| 9 (RLIN) | 36240 |
| 650 24 - SUBJECT ADDED ENTRY--TOPICAL TERM | |
| Topical term or geographic name entry element | Mercado de capitales |
| Geographic subdivision | Colombia |
| 9 (RLIN) | 7652 |
| 942 ## - ADDED ENTRY ELEMENTS (KOHA) | |
| Source of classification or shelving scheme | Dewey Decimal Classification |
| Koha item type | Books |
| Withdrawn status | Lost status | Source of classification or shelving scheme | Damaged status | Not for loan | Home library | Current library | Shelving location | Date acquired | Source of acquisition | Total Checkouts | Full call number | Barcode | Date last seen | Copy number | Price effective from | Koha item type |
|---|---|---|---|---|---|---|---|---|---|---|---|---|---|---|---|---|
| Dewey Decimal Classification | Biblioteca Pública José María del Castillo y Rada | Biblioteca Pública José María del Castillo y Rada | General Stacks | Donación | 332.67309861 / B693c | 201810894 | 05/16/2024 | E.1 | Books |